000 00770nam a2200241 a 4500
001 12189
003 CO-ViMGA
008 141112s2004 ck r 000 u spa d
020 _a8428317879
040 _aCO-ViMGA
_bspa
_cCO-ViMGA
082 0 4 _aMEVIECAR.6425 N322a
100 1 _aNavas, Mariano
_917275
245 1 0 _aAutocad
250 _a5
260 _aMadrid,
_cEd. Paraninfo S.A.,
_c1992
300 _a368 p. diagrs.
490 _aColeccion 99 por ciento
590 _aForma de adquisición : compra - - Precio : 32.000 - - Proveedor : FIS - - Fecha de adquisición : Sept. 23, 2000
650 1 4 _aAUTOCAD - DISEÑO POR COMPUTADOR
_917276
650 1 4 _aAUTOCAD - PROGRAMA PARA COMPUTADOR
_917277
650 1 4 _aPROGRAMAS PARA COMPUTADOR
_98534
942 _2ddc
_cBK
999 _c23203
_d23203